[Event "Blondes - Brunettes"]
[Site "Moscow"]
[Date "2020.03.15"]
[Round "1.9"]
[White "Mirzoeva, Elmira"]
[Black "Fominykh, Maria"]
[Result "1-0"]
[BlackElo "2108"]
[WhiteElo "2135"]
[LiveChessVersion "1.4.8"]

1. d4 {[%clk 0:03:03]} d6 {[%clk 0:03:03]} 2. c4 {[%clk 0:03:03]} e5
{[%clk 0:03:04]} 3. d5 {[%clk 0:03:04]} f5 {[%clk 0:03:04]} 4. e4
{[%clk 0:03:02]} Nf6 {[%clk 0:03:01]} 5. Nc3 {[%clk 0:03:00]} g6 {[%clk 0:02:58]}
6. Qc2 {[%clk 0:02:40]} Na6 {[%clk 0:02:53]} 7. Nf3 {[%clk 0:02:35]} Bg7
{[%clk 0:02:49]} 8. Be3 {[%clk 0:02:34]} O-O {[%clk 0:02:36]} 9. h3
{[%clk 0:02:29]} Nc5 {[%clk 0:02:03]} 10. Bxc5 {[%clk 0:02:22]} dxc5
{[%clk 0:02:03]} 11. O-O-O {[%clk 0:02:21]} Qe7 {[%clk 0:01:48]} 12. Kb1
{[%clk 0:02:18]} a6 {[%clk 0:01:16]} 13. Bd3 {[%clk 0:02:12]} f4 {[%clk 0:01:15]}
14. a3 {[%clk 0:01:44]} Bd7 {[%clk 0:01:16]} 15. Be2 {[%clk 0:01:10]} Ne8
{[%clk 0:01:09]} 16. Ne1 {[%clk 0:01:02]} Rb8 {[%clk 0:01:02]} 17. Bg4
{[%clk 0:00:54]} b5 {[%clk 0:00:33]} 18. Bxd7 {[%clk 0:00:51]} Qxd7
{[%clk 0:00:34]} 19. Nd3 {[%clk 0:00:48]} Qe7 {[%clk 0:00:23]} 20. cxb5
{[%clk 0:00:49]} axb5 {[%clk 0:00:24]} 21. Ne2 {[%clk 0:00:47]} c4
{[%clk 0:00:25]} 22. Nb4 {[%clk 0:00:48]} Qc5 {[%clk 0:00:17]} 23. Na6
{[%clk 0:00:41]} Qb6 {[%clk 0:00:16]} 24. Nxb8 {[%clk 0:00:42]} Qxb8
{[%clk 0:00:17]} 25. Nc1 {[%clk 0:00:36]} Nd6 {[%clk 0:00:17]} 26. Na2
{[%clk 0:00:36]} Qb6 {[%clk 0:00:14]} 27. Nb4 {[%clk 0:00:35]} Rf7
{[%clk 0:00:11]} 28. f3 {[%clk 0:00:29]} Bf8 {[%clk 0:00:10]} 29. Rhf1
{[%clk 0:00:25]} Nb7 {[%clk 0:00:11]} 30. d6 {[%clk 0:00:24]} Bxd6
{[%clk 0:00:10]} 31. Nd5 {[%clk 0:00:25]} Qc5 {[%clk 0:00:11]} 32. Qc3
{[%clk 0:00:19]} Nd8 {[%clk 0:00:09]} 33. Qa5 {[%clk 0:00:18]} Nc6
{[%clk 0:00:06]} 34. Qa8+ {[%clk 0:00:13]} Rf8 {[%clk 0:00:08]} 35. Qa6
{[%clk 0:00:12]} Nd4 {[%clk 0:00:08]} 36. Nc3 {[%clk 0:00:12]} Rb8
{[%clk 0:00:06]} 37. Na2 {[%clk 0:00:10]} Nb3 {[%clk 0:00:04]} 38. Nb4
{[%clk 0:00:11]} Qe3 {[%clk 0:00:05]} 39. Qc6 {[%clk 0:00:09]} Nd2+
{[%clk 0:00:06]} 40. Rxd2 {[%clk 0:00:09]} Qxd2 {[%clk 0:00:07]} 41. Qd5+
{[%clk 0:00:10]} Qxd5 {[%clk 0:00:07]} 42. Nxd5 {[%clk 0:00:12]} Kf7
{[%clk 0:00:07]} 43. Kc2 {[%clk 0:00:12]} Ke6 {[%clk 0:00:07]} 44. Kc3
{[%clk 0:00:13]} c6 {[%clk 0:00:08]} 45. Nb4 {[%clk 0:00:11]} Rc8
{[%clk 0:00:06]} 46. Nc2 {[%clk 0:00:06]} Bc5 {[%clk 0:00:07]} 47. Rd1
{[%clk 0:00:06]} Ke7 {[%clk 0:00:07]} 48. Rd2 {[%clk 0:00:06]} Rd8
{[%clk 0:00:08]} 49. Rxd8 {[%clk 0:00:04]} Kxd8 {[%clk 0:00:09]} 50. Kd2
{[%clk 0:00:04]} Kd7 {[%clk 0:00:09]} 51. Kc3 {[%clk 0:00:05]} Bf2
{[%clk 0:00:09]} 52. Nb4 {[%clk 0:00:06]} Kd6 {[%clk 0:00:09]} 53. Nc2
{[%clk 0:00:06]} Bg3 {[%clk 0:00:08]} 54. Na1 {[%clk 0:00:06]} Be1+
{[%clk 0:00:08]} 55. Kc2 {[%clk 0:00:06]} Kc5 {[%clk 0:00:09]} 56. Kd1
{[%clk 0:00:06]} Bf2 {[%clk 0:00:08]} 57. Nc2 {[%clk 0:00:07]} Kd6
{[%clk 0:00:08]} 58. Ke2 {[%clk 0:00:09]} Bb6 {[%clk 0:00:08]} 59. Kd2
{[%clk 0:00:10]} Ba5+ {[%clk 0:00:09]} 60. Ke2 {[%clk 0:00:11]} c5
{[%clk 0:00:09]} 61. Kd1 {[%clk 0:00:11]} b4 {[%clk 0:00:09]} 62. a4
{[%clk 0:00:11]} b3 {[%clk 0:00:07]} 63. Na3 {[%clk 0:00:12]} Bb4
{[%clk 0:00:05]} 64. Nxc4+ {[%clk 0:00:13]} Ke6 {[%clk 0:00:05]} 65. Ke2
{[%clk 0:00:13]} Kf6 {[%clk 0:00:05]} 66. Kd3 {[%clk 0:00:14]} Ke6
{[%clk 0:00:06]} 67. Nb6 {[%clk 0:00:16]} h6 {[%clk 0:00:05]} 68. Nd5
{[%clk 0:00:17]} Ba5 {[%clk 0:00:06]} 69. Kc4 {[%clk 0:00:18]} Bd2
{[%clk 0:00:06]} 70. Kxb3 {[%clk 0:00:19]} g5 {[%clk 0:00:07]} 71. Kc4
{[%clk 0:00:21]} Kd6 {[%clk 0:00:07]} 72. Nc3 {[%clk 0:00:21]} Kc6
{[%clk 0:00:07]} 73. Nd5 {[%clk 0:00:15]} Bc1 {[%clk 0:00:06]} 74. b4
{[%clk 0:00:16]} cxb4 {[%clk 0:00:05]} 75. Nxb4+ {[%clk 0:00:16]} Kd6
{[%clk 0:00:05]} 76. a5 {[%clk 0:00:17]} Be3 {[%clk 0:00:06]} 77. Nd5
{[%clk 0:00:17]} Ba7 {[%clk 0:00:07]} 78. Kb5 {[%clk 0:00:18]} Bg1
{[%clk 0:00:04]} 79. a6 {[%clk 0:00:17]} h5 {[%clk 0:00:04]} 80. Nb6
{[%clk 0:00:18]} Kc7 {[%clk 0:00:05]} 81. a7 {[%clk 0:00:19]} Bxb6
{[%clk 0:00:05]} 82. a8=Q {[%clk 0:00:20]} 1-0

[Event "Blondes - Brunettes"]
[Site "Moscow"]
[Date "2020.03.15"]
[Round "1.10"]
[White "Kosteniuk, Oksana"]
[Black "Larina, Maria"]
[Result "1-0"]
[BlackElo "1776"]
[WhiteElo "1927"]
[LiveChessVersion "1.4.8"]

1. Nf3 {[%clk 0:03:02]} f5 {[%clk 0:03:03]} 2. g3 {[%clk 0:03:02]} g6
{[%clk 0:03:04]} 3. Bg2 {[%clk 0:03:00]} Nf6 {[%clk 0:03:05]} 4. d4
{[%clk 0:02:52]} Bg7 {[%clk 0:03:05]} 5. c3 {[%clk 0:02:49]} O-O {[%clk 0:02:54]}
6. Bg5 {[%clk 0:02:39]} h6 {[%clk 0:02:51]} 7. Bf4 {[%clk 0:02:21]} d6
{[%clk 0:02:28]} 8. Nbd2 {[%clk 0:02:12]} Kh7 {[%clk 0:02:16]} 9. h4
{[%clk 0:01:54]} Nh5 {[%clk 0:02:01]} 10. Qc2 {[%clk 0:01:43]} Nc6
{[%clk 0:01:38]} 11. Nh2 {[%clk 0:01:21]} e5 {[%clk 0:01:33]} 12. dxe5
{[%clk 0:01:14]} dxe5 {[%clk 0:01:34]} 13. Be3 {[%clk 0:01:12]} f4
{[%clk 0:01:33]} 14. gxf4 {[%clk 0:00:42]} exf4 {[%clk 0:01:33]} 15. Bc5
{[%clk 0:00:43]} Re8 {[%clk 0:01:25]} 16. Be4 {[%clk 0:00:38]} Qf6
{[%clk 0:01:10]} 17. O-O-O {[%clk 0:00:31]} Bf5 {[%clk 0:01:01]} 18. Bxf5
{[%clk 0:00:26]} gxf5 {[%clk 0:01:01]} 19. Ndf3 {[%clk 0:00:24]} Rad8
{[%clk 0:00:51]} 20. Rhg1 {[%clk 0:00:20]} Rxd1+ {[%clk 0:00:49]} 21. Qxd1
{[%clk 0:00:20]} Rd8 {[%clk 0:00:50]} 22. Qc2 {[%clk 0:00:21]} Rd5
{[%clk 0:00:47]} 23. Bd4 {[%clk 0:00:17]} Nxd4 {[%clk 0:00:47]} 24. Nxd4
{[%clk 0:00:18]} c5 {[%clk 0:00:45]} 25. Nb3 {[%clk 0:00:18]} b6 {[%clk 0:00:42]}
26. Nf3 {[%clk 0:00:19]} a5 {[%clk 0:00:41]} 27. Rd1 {[%clk 0:00:16]} Qe6
{[%clk 0:00:32]} 28. Rxd5 {[%clk 0:00:15]} Qxd5 {[%clk 0:00:33]} 29. Qd2
{[%clk 0:00:13]} Qxd2+ {[%clk 0:00:26]} 30. Nbxd2 {[%clk 0:00:14]} Nf6
{[%clk 0:00:26]} 31. Nc4 {[%clk 0:00:13]} Nd5 {[%clk 0:00:25]} 32. Nd6
{[%clk 0:00:13]} Kg6 {[%clk 0:00:22]} 33. Kc2 {[%clk 0:00:09]} Bf6
{[%clk 0:00:23]} 34. a4 {[%clk 0:00:09]} Kh5 {[%clk 0:00:22]} 35. Nxf5
{[%clk 0:00:08]} Bxh4 {[%clk 0:00:20]} 36. N5xh4 {[%clk 0:00:08]} Nf6
{[%clk 0:00:17]} 37. Ng2 {[%clk 0:00:08]} Ne4 {[%clk 0:00:18]} 38. Nxf4+
{[%clk 0:00:07]} Kg4 {[%clk 0:00:20]} 39. Nd5 {[%clk 0:00:08]} Nxf2
{[%clk 0:00:19]} 40. Nxb6 {[%clk 0:00:09]} h5 {[%clk 0:00:20]} 41. Nd7
{[%clk 0:00:08]} h4 {[%clk 0:00:21]} 42. Nxh4 {[%clk 0:00:09]} Kxh4
{[%clk 0:00:22]} 43. Nxc5 {[%clk 0:00:10]} Kg4 {[%clk 0:00:22]} 44. Nb7
{[%clk 0:00:10]} Kf5 {[%clk 0:00:23]} 45. Nxa5 {[%clk 0:00:10]} Ke5
{[%clk 0:00:24]} 46. b4 {[%clk 0:00:11]} Kd6 {[%clk 0:00:25]} 47. Nc4+
{[%clk 0:00:11]} Kc6 {[%clk 0:00:26]} 48. Ne3 {[%clk 0:00:11]} Ne4
{[%clk 0:00:27]} 49. Kd3 {[%clk 0:00:11]} Nd6 {[%clk 0:00:28]} 50. c4
{[%clk 0:00:09]} Kb7 {[%clk 0:00:29]} 51. Kd4 {[%clk 0:00:09]} Nc8
{[%clk 0:00:29]} 52. Kd5 {[%clk 0:00:10]} Nb6+ {[%clk 0:00:31]} 53. Kc5
{[%clk 0:00:07]} Nxa4+ {[%clk 0:00:31]} 54. Kb5 {[%clk 0:00:08]} Nc3+
{[%clk 0:00:33]} 55. Kc5 {[%clk 0:00:07]} Nxe2 {[%clk 0:00:32]} 56. Nd5 Nc1
{[%clk 0:00:29]} 57. Kd6 {[%clk 0:00:07]} Nb3 {[%clk 0:00:27]} 58. c5
{[%clk 0:00:08]} Nd4 {[%clk 0:00:26]} 59. Nc3 {[%clk 0:00:09]} Ka6
{[%clk 0:00:25]} 60. c6 {[%clk 0:00:09]} Nf5+ {[%clk 0:00:23]} 61. Kd7
{[%clk 0:00:10]} Nd4 {[%clk 0:00:19]} 62. c7 {[%clk 0:00:11]} 1-0

[Event "Blondes - Brunettes"]
[Site "Moscow"]
[Date "2020.03.15"]
[Round "2.1"]
[White "Maltsevskaya, Aleksandra"]
[Black "Kosteniuk, Alexandra"]
[Result "1/2-1/2"]
[BlackElo "2521"]
[WhiteElo "2306"]
[LiveChessVersion "1.4.8"]

1. e4 {[%clk 0:03:01]} e5 {[%clk 0:03:04]} 2. Nf3 {[%clk 0:02:58]} Nf6
{[%clk 0:03:05]} 3. Nxe5 {[%clk 0:02:52]} d6 {[%clk 0:03:06]} 4. Nf3
{[%clk 0:02:53]} Nxe4 {[%clk 0:03:07]} 5. Nc3 {[%clk 0:02:53]} Nxc3
{[%clk 0:03:08]} 6. dxc3 {[%clk 0:02:53]} Be7 {[%clk 0:03:09]} 7. Be3
{[%clk 0:02:52]} Nd7 {[%clk 0:03:10]} 8. Qd2 {[%clk 0:02:49]} Nf6
{[%clk 0:03:11]} 9. O-O-O {[%clk 0:02:45]} O-O {[%clk 0:03:11]} 10. h3
{[%clk 0:02:39]} c5 {[%clk 0:03:11]} 11. g4 {[%clk 0:02:35]} Qa5 {[%clk 0:03:07]}
12. Kb1 {[%clk 0:02:25]} b5 {[%clk 0:03:07]} 13. g5 {[%clk 0:02:16]} Be6
{[%clk 0:03:06]} 14. c4 {[%clk 0:01:55]} Qxd2 {[%clk 0:03:06]} 15. Nxd2
{[%clk 0:01:54]} Nd7 {[%clk 0:02:55]} 16. cxb5 {[%clk 0:01:04]} d5
{[%clk 0:02:56]} 17. c3 {[%clk 0:01:04]} Rfd8 {[%clk 0:02:37]} 18. Nb3
{[%clk 0:01:00]} Bf5+ {[%clk 0:02:26]} 19. Ka1 {[%clk 0:00:50]} Be4
{[%clk 0:02:26]} 20. Rg1 {[%clk 0:00:49]} c4 {[%clk 0:02:23]} 21. Nd4
{[%clk 0:00:47]} Ne5 {[%clk 0:02:21]} 22. f4 {[%clk 0:00:36]} Nd3
{[%clk 0:02:04]} 23. Bxd3 {[%clk 0:00:25]} Bxd3 {[%clk 0:02:03]} 24. f5
{[%clk 0:00:21]} Bc5 {[%clk 0:01:41]} 25. f6 {[%clk 0:00:17]} a6 {[%clk 0:01:35]}
26. Rge1 {[%clk 0:00:08]} axb5 {[%clk 0:01:14]} 27. Nxb5 {[%clk 0:00:08]} Bf8
{[%clk 0:01:12]} 28. a3 {[%clk 0:00:05]} Rdb8 {[%clk 0:01:11]} 29. Nc7
{[%clk 0:00:05]} Ra5 {[%clk 0:01:06]} 30. Ka2 {[%clk 0:00:05]} Rb3
{[%clk 0:01:07]} 31. Bd4 {[%clk 0:00:03]} Bxa3 {[%clk 0:01:04]} 1/2-1/2

[Event "Blondes - Brunettes"]
[Site "Moscow"]
[Date "2020.03.15"]
[Round "2.2"]
[White "Danielian, Elina"]
[Black "Goryachkina, Aleksandra"]
[Result "0-1"]
[BlackElo "2441"]
[WhiteElo "2262"]
[LiveChessVersion "1.4.8"]

1. d4 {[%clk 0:03:02]} d5 {[%clk 0:03:03]} 2. Nf3 {[%clk 0:03:03]} Nf6
{[%clk 0:03:03]} 3. Bf4 {[%clk 0:03:03]} c5 {[%clk 0:03:02]} 4. e3
{[%clk 0:03:04]} Nc6 {[%clk 0:02:59]} 5. c4 {[%clk 0:03:01]} e6 {[%clk 0:02:49]}
6. Nc3 {[%clk 0:03:01]} cxd4 {[%clk 0:02:44]} 7. exd4 {[%clk 0:03:01]} dxc4
{[%clk 0:02:33]} 8. Bxc4 {[%clk 0:03:01]} Bd6 {[%clk 0:02:32]} 9. Bg3
{[%clk 0:02:24]} O-O {[%clk 0:02:28]} 10. O-O {[%clk 0:01:52]} Bxg3
{[%clk 0:02:28]} 11. hxg3 {[%clk 0:01:53]} b6 {[%clk 0:02:24]} 12. Qd2
{[%clk 0:01:34]} Bb7 {[%clk 0:02:23]} 13. Rad1 {[%clk 0:01:35]} Ne7
{[%clk 0:02:24]} 14. Ne5 {[%clk 0:01:34]} Rc8 {[%clk 0:02:22]} 15. Bd3
{[%clk 0:01:27]} a6 {[%clk 0:02:20]} 16. g4 {[%clk 0:00:58]} Ng6 {[%clk 0:02:08]}
17. g5 {[%clk 0:00:34]} Nd5 {[%clk 0:02:06]} 18. Bxg6 {[%clk 0:00:25]} fxg6
{[%clk 0:01:50]} 19. Nxd5 {[%clk 0:00:11]} Qxd5 {[%clk 0:01:50]} 20. f3
{[%clk 0:00:12]} Qxa2 {[%clk 0:01:26]} 21. Nd7 {[%clk 0:00:08]} Rfd8
{[%clk 0:01:26]} 22. Ra1 {[%clk 0:00:07]} Qb3 {[%clk 0:01:21]} 23. Ne5
{[%clk 0:00:04]} Rc2 {[%clk 0:01:15]} 24. Qf4 {[%clk 0:00:05]} Rf8
{[%clk 0:01:15]} 25. Qg4 {[%clk 0:00:06]} Qe3+ {[%clk 0:00:58]} 26. Kh2
{[%clk 0:00:07]} Rf5 {[%clk 0:01:00]} 27. Rfe1 {[%clk 0:00:05]} Qxg5
{[%clk 0:00:53]} 28. Qxg5 {[%clk 0:00:04]} Rxg5 {[%clk 0:00:53]} 29. Ng4
{[%clk 0:00:04]} Bxf3 {[%clk 0:00:49]} 30. Ne3 {[%clk 0:00:04]} Rxb2
{[%clk 0:00:48]} 31. Rab1 {[%clk 0:00:05]} Rxb1 {[%clk 0:00:28]} 32. Rxb1
{[%clk 0:00:06]} Be4 {[%clk 0:00:28]} 33. Rxb6 {[%clk 0:00:07]} Bd5
{[%clk 0:00:23]} 34. Rxa6 {[%clk 0:00:08]} h5 {[%clk 0:00:24]} 35. Ra7
{[%clk 0:00:09]} h4 {[%clk 0:00:22]} 36. Re7 {[%clk 0:00:09]} Kf8
{[%clk 0:00:19]} 37. Rc7 {[%clk 0:00:09]} Rg3 {[%clk 0:00:17]} 38. Nxd5 exd5
{[%clk 0:00:17]} 39. Rc5 {[%clk 0:00:09]} Rg5 {[%clk 0:00:18]} 40. Kh3
{[%clk 0:00:10]} Rh5 {[%clk 0:00:15]} 41. Rc6 {[%clk 0:00:11]} Kf7
{[%clk 0:00:16]} 42. Rc7+ {[%clk 0:00:12]} Kf6 {[%clk 0:00:17]} 43. Rc6+
{[%clk 0:00:14]} Kf5 {[%clk 0:00:18]} 44. Rc7 {[%clk 0:00:13]} Rh7
{[%clk 0:00:16]} 45. Re7 {[%clk 0:00:13]} Kf4 {[%clk 0:00:16]} 46. Re5
{[%clk 0:00:14]} Rh5 {[%clk 0:00:17]} 47. Re7 {[%clk 0:00:15]} Rf5
{[%clk 0:00:14]} 48. Rxg7 {[%clk 0:00:15]} g5 {[%clk 0:00:15]} 49. Re7
{[%clk 0:00:16]} Rf6 {[%clk 0:00:14]} 50. Re5 {[%clk 0:00:17]} Rd6
{[%clk 0:00:10]} 51. Re8 {[%clk 0:00:17]} g4+ {[%clk 0:00:11]} 52. Kh2
{[%clk 0:00:18]} Rb6 {[%clk 0:00:07]} 53. Re5 {[%clk 0:00:17]} Rb5
{[%clk 0:00:09]} 54. Re8 {[%clk 0:00:17]} Rb4 {[%clk 0:00:10]} 55. Rf8+
{[%clk 0:00:17]} Ke3 {[%clk 0:00:11]} 56. Rh8 {[%clk 0:00:18]} Rxd4
{[%clk 0:00:12]} 57. Rxh4 {[%clk 0:00:19]} Re4 {[%clk 0:00:13]} 58. Rh8
{[%clk 0:00:19]} d4 {[%clk 0:00:15]} 59. Ra8 {[%clk 0:00:20]} d3 {[%clk 0:00:16]}
60. Ra3 {[%clk 0:00:20]} Ke2 {[%clk 0:00:17]} 61. Ra2+ {[%clk 0:00:19]} d2
{[%clk 0:00:18]} 62. Kg3 {[%clk 0:00:20]} Ke1 {[%clk 0:00:19]} 63. Ra1+ 0-1

[Event "Blondes - Brunettes"]
[Site "Moscow"]
[Date "2020.03.15"]
[Round "2.3"]
[White "Girya, Olga"]
[Black "Bodnaruk, Anastasia"]
[Result "0-1"]
[BlackElo "2415"]
[WhiteElo "2250"]
[LiveChessVersion "1.4.8"]

1. d4 {[%clk 0:03:03]} Nf6 {[%clk 0:03:03]} 2. c4 {[%clk 0:03:05]} g6
{[%clk 0:03:04]} 3. Nc3 {[%clk 0:03:05]} Bg7 {[%clk 0:03:06]} 4. e4
{[%clk 0:03:07]} d6 {[%clk 0:03:07]} 5. Be2 {[%clk 0:03:05]} O-O {[%clk 0:03:07]}
6. Nf3 {[%clk 0:03:06]} e5 {[%clk 0:03:07]} 7. Be3 {[%clk 0:03:07]} Nc6
{[%clk 0:03:06]} 8. d5 {[%clk 0:03:08]} Ne7 {[%clk 0:03:05]} 9. Nd2
{[%clk 0:03:09]} Ne8 {[%clk 0:02:37]} 10. O-O {[%clk 0:03:01]} f5
{[%clk 0:02:37]} 11. f3 {[%clk 0:03:02]} f4 {[%clk 0:02:35]} 12. Bf2
{[%clk 0:03:04]} c5 {[%clk 0:02:19]} 13. a3 {[%clk 0:02:49]} g5 {[%clk 0:02:16]}
14. b4 {[%clk 0:02:50]} b6 {[%clk 0:02:17]} 15. Rb1 {[%clk 0:02:49]} h5
{[%clk 0:02:15]} 16. Nb5 {[%clk 0:02:42]} Rf6 {[%clk 0:02:05]} 17. Nb3
{[%clk 0:02:39]} Rg6 {[%clk 0:01:59]} 18. Kh1 {[%clk 0:02:37]} Bf6
{[%clk 0:01:47]} 19. bxc5 {[%clk 0:02:30]} bxc5 {[%clk 0:01:46]} 20. Nxc5
{[%clk 0:02:01]} a6 {[%clk 0:01:38]} 21. Nxd6 {[%clk 0:01:50]} Nxd6
{[%clk 0:01:37]} 22. Na4 {[%clk 0:01:45]} Kh7 {[%clk 0:01:25]} 23. Nb6
{[%clk 0:01:30]} Rb8 {[%clk 0:01:23]} 24. c5 {[%clk 0:01:24]} Nb5
{[%clk 0:01:20]} 25. Bxb5 {[%clk 0:01:12]} axb5 {[%clk 0:01:21]} 26. Nxc8
{[%clk 0:01:05]} Qxc8 {[%clk 0:00:51]} 27. c6 {[%clk 0:01:06]} Ng8
{[%clk 0:00:38]} 28. Ba7 {[%clk 0:01:01]} Ra8 {[%clk 0:00:37]} 29. Bc5
{[%clk 0:01:02]} Be7 {[%clk 0:00:30]} 30. d6 {[%clk 0:00:41]} Qxc6
{[%clk 0:00:22]} 31. dxe7 {[%clk 0:00:24]} Qxc5 {[%clk 0:00:20]} 32. Qd8
{[%clk 0:00:25]} Qc6 {[%clk 0:00:11]} 33. Rfc1 {[%clk 0:00:24]} Qe8
{[%clk 0:00:10]} 34. Qxe8 {[%clk 0:00:07]} Rxe8 {[%clk 0:00:11]} 35. Rxb5
{[%clk 0:00:08]} Rxe7 {[%clk 0:00:11]} 36. a4 {[%clk 0:00:03]} Ra6
{[%clk 0:00:12]} 37. a5 {[%clk 0:00:05]} Nf6 {[%clk 0:00:13]} 38. Rcc5
{[%clk 0:00:04]} Kg6 {[%clk 0:00:07]} 39. Rxe5 {[%clk 0:00:03]} Rd7
{[%clk 0:00:05]} 40. h3 {[%clk 0:00:04]} Rd1+ {[%clk 0:00:06]} 41. Kh2
{[%clk 0:00:05]} g4 {[%clk 0:00:06]} 42. Rg5+ {[%clk 0:00:06]} Kf7
{[%clk 0:00:07]} 43. hxg4 {[%clk 0:00:07]} hxg4 {[%clk 0:00:08]} 44. Rb7+
{[%clk 0:00:04]} Ke6 {[%clk 0:00:08]} 45. fxg4 {[%clk 0:00:05]} Re1
{[%clk 0:00:05]} 46. Rgg7 {[%clk 0:00:05]} Kd6 {[%clk 0:00:04]} 47. Rge7
{[%clk 0:00:05]} Nxe4 {[%clk 0:00:05]} 48. Rg7 {[%clk 0:00:04]} Ng3
{[%clk 0:00:05]} 49. Rg6+ {[%clk 0:00:05]} Kc5 {[%clk 0:00:06]} 0-1

[Event "Blondes - Brunettes"]
[Site "Moscow"]
[Date "2020.03.15"]
[Round "2.4"]
[White "Kovalevskaya, Ekaterina"]
[Black "Charochkina, Daria"]
[Result "0-1"]
[BlackElo "2332"]
[WhiteElo "2243"]
[LiveChessVersion "1.4.8"]

1. Nf3 {[%clk 0:03:03]} Nf6 {[%clk 0:02:58]} 2. g3 {[%clk 0:03:03]} g6
{[%clk 0:02:59]} 3. Bg2 {[%clk 0:03:04]} Bg7 {[%clk 0:03:00]} 4. O-O
{[%clk 0:03:04]} O-O {[%clk 0:03:01]} 5. d4 {[%clk 0:03:05]} d5 {[%clk 0:03:00]}
6. Be3 {[%clk 0:03:01]} b6 {[%clk 0:02:51]} 7. Qc1 {[%clk 0:02:55]} Re8
{[%clk 0:02:49]} 8. Bh6 {[%clk 0:02:48]} Bh8 {[%clk 0:02:50]} 9. c4
{[%clk 0:02:39]} Bb7 {[%clk 0:02:37]} 10. Ne5 {[%clk 0:02:39]} c6
{[%clk 0:02:35]} 11. Rd1 {[%clk 0:02:31]} Nbd7 {[%clk 0:02:29]} 12. Nc3
{[%clk 0:02:28]} Rc8 {[%clk 0:02:27]} 13. Qf4 {[%clk 0:01:57]} Nxe5
{[%clk 0:02:13]} 14. dxe5 {[%clk 0:01:57]} Nh5 {[%clk 0:02:14]} 15. Qe3
{[%clk 0:01:34]} Qc7 {[%clk 0:01:56]} 16. e6 {[%clk 0:01:04]} d4 {[%clk 0:01:02]}
17. exf7+ {[%clk 0:01:04]} Kxf7 {[%clk 0:01:03]} 18. Qf3+ {[%clk 0:00:53]} Kg8
{[%clk 0:01:04]} 19. Nb5 {[%clk 0:00:28]} Qd7 {[%clk 0:00:38]} 20. Nxd4
{[%clk 0:00:25]} Bxd4 {[%clk 0:00:21]} 21. e3 {[%clk 0:00:26]} e5
{[%clk 0:00:22]} 22. exd4 {[%clk 0:00:26]} exd4 {[%clk 0:00:22]} 23. Re1
{[%clk 0:00:22]} Ng7 {[%clk 0:00:19]} 24. g4 {[%clk 0:00:16]} Rf8
{[%clk 0:00:18]} 25. Qg3 {[%clk 0:00:15]} c5 {[%clk 0:00:18]} 26. h3
{[%clk 0:00:16]} Bxg2 {[%clk 0:00:18]} 27. Qxg2 {[%clk 0:00:17]} Rcd8
{[%clk 0:00:19]} 28. b3 {[%clk 0:00:16]} Rf7 {[%clk 0:00:20]} 29. Rad1
{[%clk 0:00:16]} Ne6 {[%clk 0:00:20]} 30. Re4 {[%clk 0:00:16]} d3
{[%clk 0:00:18]} 31. f4 {[%clk 0:00:15]} Nd4 {[%clk 0:00:17]} 32. Kh1
{[%clk 0:00:14]} Re7 {[%clk 0:00:14]} 33. Rxd3 {[%clk 0:00:13]} Rde8
{[%clk 0:00:12]} 34. Rde3 {[%clk 0:00:14]} Rxe4 {[%clk 0:00:05]} 35. Rxe4
{[%clk 0:00:15]} Rxe4 {[%clk 0:00:05]} 36. Qxe4 {[%clk 0:00:15]} Kf7
{[%clk 0:00:06]} 37. Kg2 {[%clk 0:00:15]} Ne6 {[%clk 0:00:07]} 38. Qd5
{[%clk 0:00:14]} Qxd5+ {[%clk 0:00:06]} 39. cxd5 {[%clk 0:00:14]} Nd4
{[%clk 0:00:07]} 40. Kf2 {[%clk 0:00:11]} Nb5 {[%clk 0:00:07]} 41. Ke3
{[%clk 0:00:04]} Nc3 {[%clk 0:00:07]} 42. d6 {[%clk 0:00:05]} Ke6
{[%clk 0:00:08]} 43. f5+ {[%clk 0:00:06]} gxf5 {[%clk 0:00:08]} 44. gxf5+
{[%clk 0:00:07]} Kxd6 {[%clk 0:00:09]} 45. Kf4 {[%clk 0:00:08]} Nd5+
{[%clk 0:00:09]} 46. Kg5 {[%clk 0:00:09]} Ke7 {[%clk 0:00:11]} 47. Bg7
{[%clk 0:00:09]} Kf7 {[%clk 0:00:12]} 48. Bb2 {[%clk 0:00:10]} Nb4
{[%clk 0:00:12]} 49. a4 {[%clk 0:00:09]} Nd3 {[%clk 0:00:13]} 50. Bc3
{[%clk 0:00:09]} Nc1 {[%clk 0:00:14]} 51. Kh6 {[%clk 0:00:06]} Kg8
{[%clk 0:00:12]} 52. h4 {[%clk 0:00:06]} Nxb3 {[%clk 0:00:13]} 53. f6
{[%clk 0:00:07]} c4 {[%clk 0:00:11]} 54. h5 {[%clk 0:00:07]} Nc5 {[%clk 0:00:12]}
55. a5 {[%clk 0:00:07]} bxa5 {[%clk 0:00:12]} 56. f7+ {[%clk 0:00:08]} Kxf7
{[%clk 0:00:13]} 57. Kxh7 {[%clk 0:00:09]} a4 {[%clk 0:00:11]} 58. Kh6
{[%clk 0:00:09]} Ne4 {[%clk 0:00:12]} 59. Bb2 {[%clk 0:00:06]} c3
{[%clk 0:00:13]} 60. Ba3 {[%clk 0:00:07]} c2 {[%clk 0:00:13]} 61. Kh7
{[%clk 0:00:07]} Nc5 {[%clk 0:00:13]} 62. h6 {[%clk 0:00:08]} Nb3
{[%clk 0:00:14]} 63. Kh8 {[%clk 0:00:09]} Nc5 {[%clk 0:00:09]} 64. Bc1
{[%clk 0:00:05]} Nd7 {[%clk 0:00:09]} 65. Bb2 {[%clk 0:00:05]} Nf8
{[%clk 0:00:10]} 66. Bc1 {[%clk 0:00:06]} Kg6 {[%clk 0:00:06]} 67. Kg8
{[%clk 0:00:06]} Nh7 {[%clk 0:00:07]} 68. Kh8 {[%clk 0:00:06]} Nf6
{[%clk 0:00:08]} 0-1

[Event "Blondes - Brunettes"]
[Site "Moscow"]
[Date "2020.03.15"]
[Round "2.5"]
[White "Bivol, Alina"]
[Black "Voit, Daria"]
[Result "0-1"]
[BlackElo "2326"]
[WhiteElo "2219"]
[LiveChessVersion "1.4.8"]

1. c4 {[%clk 0:03:03]} e5 {[%clk 0:03:03]} 2. g3 {[%clk 0:03:03]} Nf6
{[%clk 0:03:04]} 3. Bg2 {[%clk 0:03:03]} d5 {[%clk 0:03:05]} 4. cxd5
{[%clk 0:03:04]} Nxd5 {[%clk 0:03:05]} 5. Nc3 {[%clk 0:03:05]} Nb6
{[%clk 0:03:05]} 6. Nf3 {[%clk 0:03:05]} Nc6 {[%clk 0:03:06]} 7. O-O
{[%clk 0:03:04]} Be7 {[%clk 0:03:07]} 8. a3 {[%clk 0:03:04]} O-O {[%clk 0:03:04]}
9. b4 {[%clk 0:02:59]} f6 {[%clk 0:03:04]} 10. Qb3+ {[%clk 0:02:36]} Kh8
{[%clk 0:03:04]} 11. d3 {[%clk 0:02:28]} Bg4 {[%clk 0:02:49]} 12. Ne1
{[%clk 0:02:03]} Nd4 {[%clk 0:02:40]} 13. Qb2 {[%clk 0:02:04]} c6
{[%clk 0:02:21]} 14. e3 {[%clk 0:02:00]} Ne6 {[%clk 0:02:17]} 15. h3
{[%clk 0:01:59]} Bh5 {[%clk 0:02:17]} 16. a4 {[%clk 0:01:45]} Qd7
{[%clk 0:02:12]} 17. a5 {[%clk 0:01:38]} Nd5 {[%clk 0:02:12]} 18. Nxd5
{[%clk 0:01:32]} cxd5 {[%clk 0:02:12]} 19. Bd2 {[%clk 0:01:33]} a6
{[%clk 0:02:07]} 20. g4 {[%clk 0:01:20]} Bg6 {[%clk 0:02:06]} 21. Qb3
{[%clk 0:01:20]} Nc7 {[%clk 0:02:05]} 22. Nf3 {[%clk 0:01:15]} Rfc8
{[%clk 0:01:54]} 23. Rfc1 {[%clk 0:01:12]} Nb5 {[%clk 0:01:44]} 24. Nh4
{[%clk 0:00:55]} Bf7 {[%clk 0:01:45]} 25. Rxc8+ {[%clk 0:00:27]} Rxc8
{[%clk 0:01:46]} 26. Rc1 {[%clk 0:00:21]} Rxc1+ {[%clk 0:01:41]} 27. Bxc1
{[%clk 0:00:22]} g6 {[%clk 0:01:34]} 28. Bd2 {[%clk 0:00:23]} Kg7
{[%clk 0:01:35]} 29. d4 {[%clk 0:00:09]} exd4 {[%clk 0:01:29]} 30. exd4
{[%clk 0:00:10]} Nxd4 {[%clk 0:01:30]} 31. Qe3 {[%clk 0:00:10]} Nc6
{[%clk 0:01:16]} 32. Qh6+ {[%clk 0:00:04]} Kg8 {[%clk 0:01:17]} 33. Qf4
{[%clk 0:00:03]} g5 {[%clk 0:01:13]} 34. Qf5 {[%clk 0:00:00]} Be6
{[%clk 0:01:13]} 0-1